000 00872nam a22002657a 4500
001 4933
003 FISKH
005 20241025120357.0
008 241025b cb ||||| |||| 00| 0 eng d
020 _a9780778741022
040 _aFISKH
_beng
_cFISKH
_dFISKH
050 _aTD793.9
082 _a363.72
100 _aHewitt, Sally
_d(1949-)
245 _aReduce and reuse /
_cSally Hewitt
250 _a2009
260 _aNew York :
_bCrabtree Publishing,
_c2009.
300 _a32 pages :
_bColor illustrations ;
_c27 cm
520 _aThis is one in a series of involving books that encourage readers interested in the environment to join the green team and see how they can make a difference in a hands-on way.
650 _2Environment
_aRecycling
_vScience
650 _2Non-fiction
700 _aAnscomb, Jason
_dIllustrator
942 _2ddc
_cBK
_n0
999 _c4933
_d4933